Statistics for First lines of Buck Tick albums

Click here to take the quiz!

General Stats

  • This quiz has been taken 11 times
  • The average score is 7 of 10

Answer Stats

First linesAlbum name% Correct
Hitosashi yubi no atama ni tsukitate buttondeiru (Sticking my index finger into my temple, I’m blasting off.)Kurutta Taiyou (1991)
88%
Kansha shitai (I want to thank you.)Six/Nine (1995)
88%
Hurry up iconic, from beyond the desire.TABOO (1989)
88%
HERE WE GO!Mona Lisa Overdrive (2003)
75%
ACTION!Razzle Dazzle (2010)
75%
Shita no saki subete wo anata ni ageru (I give you everything with the tip of my tongue.)Sexy Stream Liner (1997)
75%
Tenshi yori kanzen tengoku yori kindan. (You’re perfect like an angel, more forbidden than paradise.)Tenshi no revolver (2007)
75%
Ten death Waiting for everyone, Nine goddess, Eight hole bootsKyokutou I LOVE YOU (2002)
63%
Aishiteiru Kyoukaisenjou de (I love you, on the borderline.)Atom Miraiha No.9
25%
Sono mono yori motto buttonda yume wo misete yo. (Rather than just a part, come and show me your wilder dreams.)Yumemiru Uchuu (2012)
25%

Score Distribution

Percentile by Number Answered

Percent of People with Each Score

Your Score History

You have not taken this quiz